| 000 | 00630nam a2200229Ia 4500 | ||
|---|---|---|---|
| 003 | OSt | ||
| 005 | 20220928101920.0 | ||
| 006 | a|||||r|||| 00| 0 | ||
| 007 | ta | ||
| 008 | 220927b |||||||| |||| 00| 0 eng d | ||
| 024 | _a34048 | ||
| 037 | _cTextual | ||
| 040 |
_aSDCL _cSDCL _beng |
||
| 041 |
_2eng _aeng |
||
| 082 | _aV2:194498'N7, L7 | ||
| 100 |
_aLalit Kumar _9395721 |
||
| 245 | 0 |
_aIndia and Sri Lanka _b Sirimavo-Shastri pact |
|
| 260 |
_aNew Delhi _bChetana Publications _c1977 |
||
| 300 |
_a132p _ccm. |
||
| 942 |
_hV2:194498'N7, L7 _cTEXL _2CC |
||
| 999 |
_c711387 _d711387 |
||